|
|
|
|
| LEADER |
01372nam a2200301 a 4500 |
| 001 |
4455057 |
| 008 |
950208s1995 txu b s100 0 eng d |
| 010 |
|
|
|\ \\95075473
|
| 020 |
|
|
|a 0899401074 (pbk.)
|
| 040 |
|
|
|a Tx
|c Tx
|d DLC
|d BD-DhAAL
|
| 082 |
0 |
0 |
|a 352
|2 20
|
| 111 |
2 |
|
|a International Workshop on Good Local Government
|n (1st :
|d 1994 :
|c Austin, Tex.)
|
| 245 |
1 |
0 |
|a International Workshop on Good Local Government :
|b first annual proceedings : held in Austin, Texas, July 1994 /
|c sponsored by Lyndon B. Johnson School of Public Affairs, the University of Texas at Austin and the Ford Foundation ; edited by Robert H. Wilson and Reid Cramer.
|
| 246 |
3 |
0 |
|a First annual proceedings
|
| 260 |
|
|
|a Austin, Tex. :
|b LBJ School,
|c c1995.
|
| 300 |
|
|
|a xviii, 201 p. :
|b ill. ;
|c 23 cm.
|
| 490 |
0 |
|
|a Institute and seminar proceedings series
|
| 504 |
|
|
|a Includes bibliographical references.
|
| 541 |
1 |
|
|e 00006474
|
| 650 |
|
0 |
|a Local government
|x Congresses.
|
| 650 |
|
0 |
|a Public administration
|x Congresses.
|
| 700 |
1 |
|
|a Wilson, Robert Hines.
|
| 700 |
1 |
|
|a Cramer, Reid.
|
| 710 |
2 |
|
|a Lyndon B. Johnson School of Public Affairs.
|
| 710 |
2 |
|
|a Ford Foundation.
|
| 852 |
4 |
|
|a Ayesha Abed Library
|j General shelf
|
| 999 |
|
|
|c 6682
|d 6682
|
| 952 |
|
|
|0 0
|1 0
|2 ddc
|4 0
|6 352_INT_199500000000000
|7 0
|9 6851
|a BRACUL
|b BRACUL
|c GEN
|d 2010-01-05
|l 0
|o 352 INT
|p 3010006474
|r 2010-01-05
|t 1
|w 2010-01-05
|y BK
|